000 00245nam a2200109 a 4500
001 4144
005 20140414131947.0
008 090317s19uu xx 00 eng d
050 _aTR 372.4
_bP56 2005
245 _aBarbie Phonics.
999 _c112711
_d112711